000 00843nam a2200265Ia 4500
005 20220316235612.0
008 121119s1994 sp a gr 000 0 spa
020 _a8427219261
041 0 _aspa
082 0 4 _a510.07
_bC42M
100 1 _aClemson, David
245 1 0 _aMi primer libro de mates
_cDavid y Wendy Clemson
250 _aPrimera edición
300 _a45 páginas
_bilustraciones
_c33 cm
650 1 4 _aGeometría
_xEnseñanza elemental
_2LEMB
650 1 4 _aMatemáticas recreativas
_xEnseñanza elemental
_2LEMB
650 1 4 _aMatemáticas
_xInvestigaciones
_2LEMB
700 1 _aClemson, Wendy
_917503
942 _2ddc
_cBK
264 _aBarcelona
_bMolino
_c1994
336 _atexto
_btxt
_2rdacontent
337 _asin mediación
_bn
_2rdamedia
338 _avolumen
_bnc
_2rdacarrier
040 _aCO-BoRNBP
_bspa
_erda
_cCO-BoRNBP
999 _c1507
_d1507